The columbia viking desk encyclopedia

Enregistré dans:
Détails bibliographiques
Auteur principal: Bridgwater, William (Auteur)
Format: Livre
Langue:anglais
Publié: Nueva York The Viking Press 1968
Édition:3a. ed
Sujets:
Tags: Ajouter un tag
Pas de tags, Soyez le premier à ajouter un tag!

MARC

LEADER 00000nam a2200000 a 4500
001 UCI1195
003 CL-VaPUC
008 070622e19680000US |||||||||||||||||eng|d
082 0 4 |a 423  |b BRI  |2 21 
100 0 |a Bridgwater, William  |e author  |9 521532 
245 1 4 |a The columbia viking desk encyclopedia 
250 |a 3a. ed 
300 |a v 
942 |c BK 
945 |d 20070622 00:00:00  |a jtorresc 
260 |a Nueva York  |b The Viking Press  |c 1968 
650 0 |a Diccionarios  |9 256200 
650 0 |a Inglés  |9 260023 
583 |a last modification  |c 20070622 00:00:00  |k Rodrigo Vera 
999 |c 326036  |d 326034 
952 |0 0  |1 0  |4 0  |6 423_000000000000000_BRI_1968  |7 0  |8 A  |9 407653  |a BIBEDU  |b BIBEDU  |d 2019-11-22  |h v.1  |i 4213122  |o 423 BRI 1968  |p 4213122  |r 2019-11-22  |w 2019-11-22  |y BK  |k LIT 
952 |0 0  |1 0  |4 0  |6 423_000000000000000_BRI_1968  |7 0  |8 A  |9 407654  |a BIBEDU  |b BIBEDU  |d 2019-11-22  |h v.2  |i 4213114  |o 423 BRI 1968  |p 4213114  |r 2019-11-22  |w 2019-11-22  |y BK  |k LIT